00938cam a22002531 4500001001300000003000400013005001700017008004100034010001700075035002000092040004100112050003000153082001400183100002400197245006800221260007000289300003000359490005900389500009900448504003200547651004800579650004000627999001700667sd 45000051 DLC20260227112735.0941013s1945 nyu b f000 0 eng c asd 45000051  a(OCoLC)31275400 aU.S. Dept. of State. Libr.cIENdDLC00aD410b.F65 vol. 21, no. 6 a940.531441 aHadsel, Winifred N.10aPolitical currents in liberated Europe,cby Winifred N. Hadsel. aNew York, N.Y.,bForeign Policy Association, Incorporatedc[1945] a1 p. l., 67-80 p.c27 cm.0 aForeign policy reports,vvol. XXI, no. 6. June 1, 1945 a"Role of European countries at San Francisco, by O.K.D. Ringwood and W.N. Hadsel": p. [79]-80. aBibliographical foot-notes. 0aEuropexPolitics and governmenty1918-1945. 0aReconstruction (1939-1951)zEurope. c89954d89954